| 000 | 01215 a2200169 4500 | ||
|---|---|---|---|
| 003 | Nust | ||
| 005 | 20221103152523.0 | ||
| 040 | _cNust | ||
| 082 | _a621.3192,JOH | ||
| 100 |
_aJohnson, Walter C. _941430 |
||
| 245 |
_aTransmission lines and networks / _cWalter C.Johnson |
||
| 260 |
_aTronto _bMcGraw-Hill Book Company _c1950 |
||
| 300 |
_ax, 361 p. _billus _c24 cm |
||
| 505 | _aDistributed Constants and Traveling Waves (Page-3), The – A-C Steady State . Lines With No Reflections (Page-27), The Constants of Tow-Conductor Lines (Page-58), Lines With Reflection (Page-93), Transmission-Line Charts (Page-126), Special Consideration for Radio-Frequency Lines (Page-144), Radio-Frequency Lines –Measurements (Page-180), Special Consideration for Telephone and Telegraph (Page-211), Special Consideration for Power Lines (Page-223), A- Review of Elementary Network Analysis (Page-230), The Characteristics of Passive Four-Terminal Networks (Page-253), The Image and Iterative Operation of Four-Terminal Networks (Page-271), Insertion Loss and Reflection Factors (Page-295), Filters (Page-302), The Design of Ladder Filters (Page-329). | ||
| 650 |
_aTransmission lines and networks _9102330 |
||
| 942 |
_2ddc _cBK |
||
| 999 |
_c180893 _d180893 |
||